000 00279nam a2200109Ia 4500
008 220204s9999 xx 000 0 und d
082 _a543.544(038)
_bANG
245 0 _aDictionary of chromatography
260 _aNew York
_bHuthig
_c1984
700 _aAngle, Hans-Peter
942 _cBK
999 _c38203
_d38203